Enrique Shaw : la espiritualidad de un padre de familia, empresario y cristiano ejemplar /

Збережено в:
Бібліографічні деталі
Автор: Shaw, Enrique (autor)
Формат: Книга
Мова:Іспанська
Опубліковано: México : Instituto Mexicano de Doctrina Social Cristiana : Unión Social de Empresarios de México, 2002, c2002
Предмети:
Теги: Додати тег
Немає тегів, Будьте першим, хто поставить тег для цього запису!

MARC

LEADER 00000nam^a2200000^a^4500
001 000189050
005 20250521000000.0
009 20260310102400.974
020 |a 968-6839-51-8 
037 |a Acervo ITESO - Biblioteca 
041 |a ESP 
082 |a 248. 5  |b SHA 
100 |a Shaw, Enrique  |e (autor) 
245 1 0 |a Enrique Shaw :  |b la espiritualidad de un padre de familia, empresario y cristiano ejemplar /  |c E. Shaw ; comp., notas e introd. de Adolfo Critto. 
264 4 |a México :  |b Instituto Mexicano de Doctrina Social Cristiana :  |b Unión Social de Empresarios de México,  |c 2002, c2002 
300 |a 118 p. 
336 |a texto  |b txt  |2 rdacontenido 
337 |a sin mediación  |b n  |2 rdamedio 
338 |a volumen  |b nc  |2 rdasoporte 
649 |a XX 
650 |a Empresarios Argentinos 
650 |a Espiritualidad 
650 |a Misticismo 
650 |a Conducta de Vida -  |x Tema Principal 
650 |a Vida Cristiana 
650 |a Catolicismo 
650 |a Cristianismo 
650 |a Religión 
910 |a Fondo General 
920 |a Impresos - Libros 
930 |a Colección General 
905 |a 101 
901 |a 0500131641  |b IT1  |c ACC  |u 20250521 
902 |a https://opac.biblio.iteso.mx/vufind/Record/000189050